Mathematical physics (Record no. 16853)

MARC details
000 -LEADER
fixed length control field 00470nam a2200181 a 4500
000 - LEADER
fixed length control field BKB
001 - CONTROL NUMBER
control field 154309
005 - DATE AND TIME OF LATEST TRANSACTION
control field 20200902161236.0
008 - FIXED-LENGTH DATA ELEMENTS--GENERAL INFORMATION
fixed length control field 170322 ### HIN
020 ## - INTERNATIONAL STANDARD BOOK NUMBER
International Standard Book Number 9789351403586
082 ## - DEWEY DECIMAL CLASSIFICATION NUMBER
Classification number 530.15
Item number R13M
100 ## - MAIN ENTRY--PERSONAL NAME
Personal name Rajput, B.S.
245 ## - TITLE STATEMENT
Title Mathematical physics
Statement of responsibility, etc by B.S. Rajput
260 ## - PUBLICATION, DISTRIBUTION, ETC. (IMPRINT)
Place of publication, distribution, etc Meerut
Name of publisher, distributor, etc Pragati Prakashan
Date of publication, distribution, etc 2016
300 ## - PHYSICAL DESCRIPTION
Extent 1516p.
690 ## - LOCAL SUBJECT ADDED ENTRY--TOPICAL TERM (OCLC, RLIN)
Topical term or geographic name as entry element Mathematical physics
964 ## -
--
-- ENG
--
--
--
--
--
Holdings
Withdrawn status Lost status Damaged status Not for loan Home library Current library Date acquired Total Checkouts Full call number Barcode Date last seen Date checked out Price effective from Koha item type
        Central University Of Rajasthan Central University Of Rajasthan 02/02/2017 4 530.15 R13M 28544 21/11/2024 04/01/2024 02/09/2020 Books
        Central University Of Rajasthan Central University Of Rajasthan 02/02/2017 3 530.15 R13M 28545 21/11/2024 29/03/2023 02/09/2020 Books